Name the Championship winners - Statistics

General Stats
  • This quiz has been taken 6 times
  • The average score is 17 of 22
Answer Stats
Year Club % Correct
2013/14 Leicester City
100%
2023/24 Leicester City
100%
2014/15 Bournemouth
83%
2015/16 Burnley
83%
2022/23 Burnley
83%
2021/22 Fulham
83%
2019/20 Leeds United
83%
2024/25 Leeds United
83%
2003/04 Sunderland
83%
2005/06 Sunderland
83%
2006/07 Sunderland
83%
2007/08 West Bromwich Albion
83%
2008/09 Wolverhampton Wanderers
83%
2017/18 Wolverhampton Wanderers
83%
2012/13 Cardiff City
67%
2009/10 Newcastle United
67%
2016/17 Newcastle United
67%
2018/19 Norwich City
67%
2020/21 Norwich City
67%
2010/11 Queens Park Rangers
50%
2004/05 Reading
50%
2011/12 Reading
50%
No matching quizzes found
Score Distribution
Percent of People with Each Score
Percentile by Number Answered
Your Score History
You have not taken this quiz